2022 World Cup Top Scorers (Easier Version) - Statistics

General Stats
  • This quiz has been taken 90 times
  • The average score is 9 of 11
Answer Stats
Goals Country Player % Correct
8 France Kylian Mbappé
100%
7 Argentina Lionel Messi
100%
4 France Olivier Giroud
85%
4 Argentina Julián Álvarez
80%
3 England Marcus Rashford
76%
3 Brazil Richarlison de Andrade
75%
3 Ecuador Enner Valencia
73%
3 Spain Álvaro Morata
70%
3 England Bukayo Saka
70%
3 Netherlands Cody Gakpo
65%
3 Portugal Gonçalo Ramos
65%
No matching quizzes found
Score Distribution
Percent of People with Each Score
Percentile by Number Answered
Your Score History
You have not taken this quiz